000 01095nam a2200265 i 4500
001 27187
003 ES-MaACL
005 20250630132912.0
007 t|
008 030113s1919 sp ||||1| spa d
080 _a355.02(44)
100 1 _aAzaña, Manuel,
_d1880-1940
_924223
245 1 0 _aEstudios de política francesa contemporánea
_b: la política militar /
_cManuel Azaña.
260 _aMadrid :
_bSaturnino Calleja.,
_c[1919] (
_fImp. Artística)
300 _a341 p. ;
_c19 cm.
504 _aBibliografía: p. 325-341.
530 _aDisponible en formato digital.
594 _aEn prólogo: "Constituyen el núcleo de este libro tres conferencias pronunciadas por el autor en el Ateneo de Madrid en el mes de enero de 1918 que reciben ahora pleno desarrollo y complemento"
610 2 4 _aAteneo de Madrid-
_vConferencias-
_y1900-1939
_91907
651 4 _aFrancia-
_xPolítica militar.
_9141428
852 4 _aES-MaACL
_jF-7209
_cDEPO2
856 4 _uhttp://bdh-rd.bne.es/viewer.vm?id=0000256788&page=1
_yDocumento en linea
942 _2udc
999 _c27187
_d27187